000 00428nam a2200193Ia 4500
001 13447
003 GE_BSU
008 181216s||||||||xx |||||||||||||| ||und||
040 _cGE_BSU
080 _a821.111-3
100 _aSheldon,Sidney
245 _aWindmills of the Gods
260 _aLondon
260 _bBook club Associates
260 _c1987
300 _a319p.20cm.
653 _aWindmills of the Gods
942 _cBK
999 _c46607
_d46607